Monólogos de un moribundo / (Record no. 150166)

MARC details
000 -LEADER
campo de control de longitud fija 00451nam a2200157 i 4500
001 - NÚMERO DE CONTROL
campo de control 150166
003 - IDENTIFICADOR DE NÚMERO DE CONTROL
campo de control ES-MaACL
005 - FECHA Y HORA DE LA ÚLTIMA TRANSACCIÓN
campo de control 20230906203412.0
007 - CAMPO FIJO DE DESCRIPCIÓN FÍSICA--INFORMACIÓN GENERAL
campo de control de longitud fija t|
008 - DATOS DE LONGITUD FIJA--INFORMACIÓN GENERAL
campo de control de longitud fija 071026s1968 sp ||||1| spa d
100 1# - ENTRADA PRINCIPAL--NOMBRE DE PERSONA
Nombre de persona Vallejo, Félix Angel.
9 (RLIN) 112838
245 10 - MENCIÓN DEL TÍTULO
Título Monólogos de un moribundo /
Mención de responsabilidad, etc. Félix Angel Vallejo.
260 ## - PUBLICACIÓN, DISTRIBUCIÓN, ETC.
Lugar de publicación, distribución, etc. Madrid :
Nombre del editor, distribuidor, etc. [s.n.],
Fecha de publicación, distribución, etc. 1968 (
Fabricante Nuevas Gráficas)
300 ## - DESCRIPCIÓN FÍSICA
Extensión 124 p. ;
Dimensiones 17 cm.
852 ## - LOCALIZACIÓN
Ubicación ES-MaACL
Número de control de estantería C-36102
Sublocalización o colección R.68074
Holdings
Estatus retirado Estado de pérdida Estado de daño No para préstamo Biblioteca de origen Biblioteca actual Ubicación en estantería Fecha de adquisición Fuente de adquisición Total de préstamos Signatura topográfica completa Código de barras Visto por última vez Precio de reemplazo Tipo de ítem Koha
        Biblioteca del Ateneo de Madrid Biblioteca del Ateneo de Madrid Depósito 2 17/01/2008     C-36102 1156698 23/02/2023 23/02/2023 Libro impreso